INDIAN LEGAL AND CONSTITUTIONAL HISTORY (Record no. 9560)

MARC details
000 -LEADER
fixed length control field 00345nam a22001457a 4500
003 - CONTROL NUMBER IDENTIFIER
control field SGT
082 ## - DEWEY DECIMAL CLASSIFICATION NUMBER
Classification number 342.290954,TRI
100 ## - MAIN ENTRY--PERSONAL NAME
Personal name TRIPATHI,S.C
245 ## - TITLE STATEMENT
Title INDIAN LEGAL AND CONSTITUTIONAL HISTORY
250 ## - EDITION STATEMENT
Edition statement 3RD
260 ## - PUBLICATION, DISTRIBUTION, ETC. (IMPRINT)
Place of publication, distribution, etc ALLAHABAD
Name of publisher, distributor, etc CENTRAL LAW PUBLICATION
Year of Publication 2011
300 ## - PAGE DESCRIPTION
No. of Pages 255
650 ## - SUBJECT ADDED ENTRY--TOPICAL TERM
Topical term or geographic name as entry element CONSTITUTIONAL HISTORY
942 ## - ADDED ENTRY ELEMENTS (KOHA)
Source of classification or shelving scheme Dewey Decimal Classification
Koha item type Books
Holdings
Withdrawn status Lost status Source of classification or shelving scheme Damaged status Not for loan Collection code Home library Current library Shelving location Date acquired Vendor Name Cost, normal purchase price SGTU Bill Number Total Checkouts Full call number Accession No. (Barcode) Date last seen Date last borrowed Bill Date Koha item type
    Dewey Decimal Classification     LAW SGT Science & Social Sciences Library SGT Science & Social Sciences Library Text Book 20/07/2016 SATYAM BOOKS 180.00 SGTU 985 1 342.290954,TRI FL55 26/10/2017 17/10/2017 22/01/2014 Books
    Dewey Decimal Classification     LAW SGT Science & Social Sciences Library SGT Science & Social Sciences Library Text Book 20/07/2016 SATYAM BOOKS 180.00 SGTU 985 2 342.290954,TRI FL56 03/01/2026 18/12/2025 22/01/2014 Books
    Dewey Decimal Classification     LAW SGT Science & Social Sciences Library SGT Science & Social Sciences Library Text Book 20/07/2016 SATYAM BOOKS 180.00 SGTU 985   342.290954,TRI FL57 20/07/2016   22/01/2014 Books
    Dewey Decimal Classification     LAW SGT Science & Social Sciences Library SGT Science & Social Sciences Library Text Book 20/07/2016 SATYAM BOOKS 180.00 SGTU 985   342.290954,TRI FL58 20/07/2016   22/01/2014 Books
    Dewey Decimal Classification   Not For Loan LAW SGT Science & Social Sciences Library SGT Science & Social Sciences Library Reference Book 20/07/2016 SATYAM BOOKS 180.00 SGTU 985 1 342.290954,TRI FL59 17/05/2017 17/05/2017 22/01/2014 Books